| 000 | 00399nam a2200145 a 4500 | ||
|---|---|---|---|
| 001 | 1883 | ||
| 005 | 20140414131919.0 | ||
| 008 | 020411s19uu xx 00 eng d | ||
| 050 |
_aER _bM99 1997 |
||
| 245 |
_aMy wonderful mother goose / _cpictures by Taro Semba, Keiko Makimura. |
||
| 260 |
_aTokyo : _bFroebel-kan, _c1997. |
||
| 300 | _a1 v. p. : ill. ; cm. | ||
| 650 | _aRhymes. | ||
| 999 |
_c111667 _d111667 |
||